[Event "Online Olym Disabilities"]
[Site "Tornelo INT"]
[Date "2020.11.25"]
[Round "5.25"]
[White "Dal, Ibrahim"]
[Black "Johari, Mohd Johar"]
[Result "0-1"]
[WhiteElo "1626"]
[BlackElo "1241"]
[PlyCount "34"]
[EventDate "2020.11.21"]
[EventType "team-swiss (rapid)"]
[EventRounds "7"]
[EventCountry "NET"]
[SourceTitle "CBM 199 Extra"]
[Source "ChessBase"]
[SourceDate "2021.01.31"]
[SourceVersion "1"]
[SourceVersionDate "2021.01.31"]
[SourceQuality "1"]
[WhiteTeam "Turkey III"]
[BlackTeam "Malaysia II"]
[WhiteTeamCountry "TUR"]
[BlackTeamCountry "MAS"]

1. d4 e5 2. dxe5 Nc6 3. Nf3 Bc5 4. Bf4 d6 5. exd6 Nge7 6. dxe7 Bxf2+ 7. Kxf2 Qxd1 8. g3 Nxe7 9. Bg2 Qxc2 10. Nbd2 0-0 11. Rhc1 Qxb2 12. Be5 Qb6+ 13. Bd4 Qe6 14. Rxc7 Nc6 15. Bc5 Re8 16. e4 Ne5 17. Nxe5 Qxe5 0-1